Grundlehren des deutschen Verwaltungsrechts
| Main Author: | |
|---|---|
| Format: | Electronic Book |
| Language: | German |
| Check availability: | HBZ Gateway |
| WorldCat: | WorldCat |
| Interlibrary Loan: | Interlibrary Loan for the Fachinformationsdienste (Specialized Information Services in Germany) |
| Published: |
Stuttgart Berlin
Kohlhammer
1936
|
| In: | Year: 1936 |
| Edition: | Zweiter unveränderter Neudruck |
| Standardized Subjects / Keyword chains: | B
Deutschland (boat, 1866-1875)
/ Administrative law
|
| Online Access: |
Volltext (kostenfrei) |
| Parallel Edition: | Electronic
|
MARC
| LEADER | 00000cam a2200000 c 4500 | ||
|---|---|---|---|
| 001 | 1752753542 | ||
| 003 | DE-627 | ||
| 005 | 20260303010111.0 | ||
| 007 | cr uuu---uuuuu | ||
| 008 | 210330s1936 xx |||||o 00| ||ger c | ||
| 035 | |a (DE-627)1752753542 | ||
| 035 | |a (DE-599)KXP1752753542 | ||
| 035 | |a (OCoLC)1244604972 | ||
| 040 | |a DE-627 |b ger |c DE-627 |e rda | ||
| 041 | |a ger | ||
| 082 | 0 | |a 349.43 |q SEPA | |
| 084 | |a 1 |2 ssgn | ||
| 084 | |a PN 225 |q SEPA |2 rvk |0 (DE-625)rvk/137303: | ||
| 100 | 1 | |e VerfasserIn |0 (DE-588)116285087 |0 (DE-627)077797248 |0 (DE-576)215715845 |4 aut |a Köhler, Ludwig von |d 1868-1953 | |
| 109 | |a Köhler, Ludwig von 1868-1953 |a Köhler, Ludwig Ferdinand von 1868-1953 |a Köhler, L. 1868-1953 |a Köhler, L. von 1868-1953 |a Köhler, Louis Ferdinand 1868-1953 | ||
| 245 | 1 | 0 | |a Grundlehren des deutschen Verwaltungsrechts |c von Dr. Ludwig von Köhler, Professor an der Universität Tübingen, ehemaligem Königlich württembergischem Staatsminister des Innern |
| 250 | |a Zweiter unveränderter Neudruck | ||
| 264 | 1 | |a Stuttgart |a Berlin |b Kohlhammer |c 1936 | |
| 300 | |a VIII, 398 Seiten | ||
| 336 | |a Text |b txt |2 rdacontent | ||
| 337 | |a Computermedien |b c |2 rdamedia | ||
| 338 | |a Online-Ressource |b cr |2 rdacarrier | ||
| 500 | |a Wahrnehmung der Rechte durch die VG WORT (§ 51 VGG) | ||
| 533 | |a Online-Ausgabe |b Stuttgart |c Landeskirchliche Zentralbibliothek |d 2020 |e 1 Online-Ressource |f Digitale Sammlungen der Landeskirchlichen Zentralbibliothek Stuttgart. Kirchenkampfschriften Eisenach |7 |2020|||||||||| | ||
| 535 | 1 | |a Landeskirchenarchiv Eisenach |3 DC/ 156 | |
| 546 | |a Fraktur | ||
| 583 | 1 | |a Archivierung/Langzeitarchivierung gewährleistet |x XA-DE-BW |2 pdager |5 DE-Stg117 | |
| 601 | |a Deutsche | ||
| 689 | 0 | 0 | |d g |0 (DE-588)4011882-4 |0 (DE-627)104704861 |0 (DE-576)208896155 |2 gnd |a Deutschland |
| 689 | 0 | 1 | |d s |0 (DE-588)4063351-2 |0 (DE-627)10612837X |0 (DE-576)209148276 |2 gnd |a Verwaltungsrecht |
| 689 | 0 | |5 (DE-627) | |
| 776 | 1 | |n Landeskirchliche Zentralbibliothek |t Digitale Sammlungen der Landeskirchlichen Zentralbibliothek Stuttgart. Kirchenkampfschriften Eisenach |g Stuttgart |h 2020 |w (DE-627)1746678747 |k Electronic | |
| 856 | 4 | 0 | |u http://elk-wue.gbv.de/resolve?id=1752753542 |x Digitalisierung |z kostenfrei |3 Volltext |7 0 |
| 936 | r | v | |a PN 225 |b Gesamtdarstellungen |k Rechtswissenschaft |k Verwaltungswissenschaften und Verwaltungsrecht |k Allgemeines Verwaltungsrecht |k Allgemeines |k Gesamtdarstellungen |0 (DE-627)1271298759 |0 (DE-625)rvk/137303: |0 (DE-576)201298759 |
| 936 | s | n | |a p100 |2 mzub |
| 951 | |a BO | ||
| ELC | |a 1 | ||
| OAS | |a 1 | ||
| ORI | |a TA-MARC-ixtheo_oa001.raw | ||
| REL | |a 1 | ||
| STA | 0 | 0 | |a Administrative law,Deutschland (boat, 1866-1875),Germany,Germany,Germany,Germany,German Federal Republic (motif),Germany,Germany,Germany,Germany,Germany,Germany,German Democratic Republic,Germany,Federal Republic of Germany,Germany,Germany,Germany,Soviet Occupation Zone,French Occupation Zone |
| STB | 0 | 0 | |a Deutschland (bateau, 1866-1875),Allemagne,Allemagne,République fédérale d'Allemagne (motif),Droit administratif |
| STC | 0 | 0 | |a Alemania,Alemania,Derecho administrativo |
| STD | 0 | 0 | |a Diritto amministrativo,Germania,Germania |
| STE | 0 | 0 | |a 德国,德国,行政法 |
| STF | 0 | 0 | |a 德國,德國,行政法 |
| STG | 0 | 0 | |a Alemanha,Alemanha,Direito administrativo |
| STH | 0 | 0 | |a Административное право,Германия (ГДР, мотив),Германия (мотив) |
| STI | 0 | 0 | |a Γερμανία (ΛΔΓ, μοτίβο),Γερμανία (μοτίβο),Διοικητικό δίκαιο |
| SUB | |a REL | ||
| SYG | 0 | 0 | |a DDR,Deutsche Demokratische Republik,Germany,Amerikanische Zone Deutschlands,BRD,Britische Zone Deutschlands,Bundesrepublik Deutschland,Französische Zone Deutschlands,Vereinigtes Wirtschaftsgebiet Deutschlands,BRD,Bundesrepublik Deutschland , Vereinigtes Wirtschaftsgebiet,Bizone,Verwaltung des Vereinigten Wirtschaftsgebietes,Französische Zone,Zone Française d'Occupation,Französische Besatzungszone,ZFO,Britische Zone,British occupation zone,Britische Besatzungszone,British Zone of Control,Britisches Kontrollgebiet,British Element,Britisches Element,Sowjetische Zone,Russische Zone,Sowjetische Besatzungszone,Russische Besatzungszone,Sowjetische Besatzungszone Deutschlands,Sowjetische Besatzungszone in Deutschland,Sowjetisch Besetzte Zone,Sowjetzone,Ostzone,SBZ,Länder,Westliche Bundesländer,Alte Bundesländer,Deutschland,Westdeutschland,Deutschland,Westzonen,Westliche Besatzungszonen,Trizone,Amerikanische Zone,American occupation zone,Amerikanische Besatzungszone,ABZ,United States Area of Control,Amerikanisches Kontrollgebiet,U.S. zone of occupation,United States Zone,U.S. Zone,US-Zone,Östliche Bundesländer,Neue Bundesländer,Länder,Deutschland,Ostdeutschland,Deutschland,Deutschland,Alemanha,Alemania,Allemagne,Almanija,Almāniyā,Bondsrepubliek Duitsland,BRD,BRD,Bundesrepublik Deutschland,Deutschland,Deutschland,Federal Republic of Germany,Förbundsrepubliken Tyskland,Förbundsrepublikken Tyskland,FRG,Germany,Németországi Szövetségi Kőztársaság,Niemiecka Republika Federalna Niemiecka Republika Federalna,NRF,Repubblica Federale di Germania,Republic of Germany,República Federal da Alemanha,República Federal de Alemania,Republik Federasi Djerman,Republika Federalna Niemiec,République Fédérale d'Allemagne,RFN,Saksan Liittotasavalta,Westdeutschland,Deutsche Demokratische Republik,DDR,Deutschland,German Democratic Republic,GDR,République Démocratique Allemande,RDA,Germanskaja Demokratičeskaja Respublika,Demokratičeskaja Respublika,Democratic Republic,Demokratische Republik,Niemiecka Republika Demokratyczna,NRD,Ǧumhūrīyat Almāniyā ad-Dīmuqrāṭīya,República Democrática Alemana,Saksan Demokraattisen Tasavallan,Repubblica Democratica Tedesca,Mitteldeutschland,Ostdeutschland,East Germany,Ostzone,Deutsche Länder,Germany,Heiliges Römisches Reich,Rheinbund,Deutscher Bund,Norddeutscher Bund,Deutsches Reich,Deutschland,Deutschland,BRD,Federal Republic of Germany,Republic of Germany,Allemagne,Ǧumhūrīyat Almāniyā al-Ittiḥādīya,Bundesrepublik Deutschland,BRD,Niemcy,République Fédérale d'Allemagne,Repubblica Federale di Germania,Germanija,Federativnaja Respublika Germanija,FRG,Deyizhi-Lianbang-Gongheguo |
| TIM | |a 100019901003_100020261231 |b 1990-10-03 - 2026 | ||



